[Event "GER-chT U16 Girls"]
[Site "Magdeburg"]
[Date "2023.12.30"]
[Round "7.6"]
[White "Reddi, Bhuvana"]
[Black "Wartenberg, Alissa"]
[Result "0-1"]
[WhiteElo "1565"]
[BlackElo "1721"]
[PlyCount "96"]
[EventDate "2023.12.26"]
[EventType "team-swiss"]
[EventRounds "7"]
[EventCountry "GER"]
[SourceTitle "CB03_2024"]
[SourceDate "2024.01.17"]
[SourceVersion "1"]
[SourceVersionDate "2024.01.17"]
[SourceQuality "1"]
[WhiteTeam "Weisse Dame"]
[BlackTeam "Hamburger SK"]
[WhiteTeamCountry "GER"]
[BlackTeamCountry "GER"]

1. e4 c5 2. Nf3 e6 3. d4 cxd4 4. Nxd4 Nf6 5. Nc3 Nc6 6. Ndb5 Bc5 7. Bf4 0-0 8. Bc7 Qe7 9. Bd6 Bxd6 10. Qxd6 Qd8 11. 0-0-0 a6 12. Nd4 Qa5 13. f3 Qg5+ 14. Kb1 Ne8 15. Qg3 Qf6 16. Nxc6 bxc6 17. e5 Qe7 18. Ne4 f5 19. Nd6 Nxd6 20. exd6 Qf6 21. f4 Rb8 22. Qa3 Bb7 23. Bc4 c5 24. Rhg1 Be4 25. b3 a5 26. Qxc5 a4 27. Qe5 axb3 28. axb3 Qd8 29. g4 Rf7 30. gxf5 Bxf5 31. Rg3 Qc8 32. Kc1 Ra8 33. Rdg1 g6 34. h4 Ra2 35. R1g2 Qc6 36. h5 Rxc2+ 37. Rxc2 Qh1+ 38. Kb2 Bxc2 39. hxg6 Bxg6 40. f5 Rxf5 41. Qxf5 Qh2+ 42. Ka1 Qxg3 43. Bxe6+ dxe6 44. Qxe6+ Bf7 45. Qf6 Qxb3 46. Qd8+ Kg7 47. Qg5+ Bg6 48. Qe7+ Qf7 0-1

[Event "GER-chT U16 Girls"]
[Site "Magdeburg"]
[Date "2023.12.28"]
[Round "3.8"]
[White "Reddi, Bhuvana"]
[Black "Bakу, Isabella"]
[Result "1-0"]
[WhiteElo "1565"]
[BlackElo "1399"]
[PlyCount "167"]
[EventDate "2023.12.26"]
[EventType "team-swiss"]
[EventRounds "7"]
[EventCountry "GER"]
[SourceTitle "CB03_2024"]
[SourceDate "2024.01.17"]
[SourceVersion "1"]
[SourceVersionDate "2024.01.17"]
[SourceQuality "1"]
[WhiteTeam "Weisse Dame"]
[BlackTeam "Stuttgart Wolfbusch"]
[WhiteTeamCountry "GER"]
[BlackTeamCountry "GER"]

1. e4 c5 2. Nf3 d6 3. d4 cxd4 4. Nxd4 Nf6 5. Nc3 g6 6. Be3 Bg7 7. f3 0-0 8. Qd2 Nc6 9. 0-0-0 Nxd4 10. Bxd4 Be6 11. Kb1 Qc7 12. g4 Rfc8 13. h4 Qa5 14. a3 b5 15. Nxb5 Qd8 16. h5 a6 17. Nc3 Rab8 18. h6 Bh8 19. g5 Nd7 20. Bxh8 Kxh8 21. Qd4+ f6 22. Nd5 Bxd5 23. exd5 Qa5 24. Bh3 Rc7 25. Bxd7 Rxd7 26. gxf6 exf6 27. Qxf6+ Kg8 28. Qe6+ Rf7 29. Qxd6 Rfb7 30. Qe6+ Kh8 31. Qf6+ Kg8 32. Rd3 Qc7 33. d6 Qd7 34. Re1 Rf8 35. Qd4 Rf7 36. Qe5 Ra7 37. Qe8+ Rf8 38. Qxd7 Rxd7 39. Re7 Rxe7 40. dxe7 Re8 41. Rd8 Kf7 42. Rxe8 Kxe8 43. c4 Kxe7 44. Kc2 Kd6 45. Kd3 Ke5 46. c5 Kd5 47. b4 a5 48. Ke3 axb4 49. axb4 Ke5 50. c6 Kd6 51. b5 Kc7 52. Ke4 Kd6 53. f4 Kc7 54. Ke5 Kd8 55. b6 Kc8 56. Kf6 Kd8 57. Kg7 Kc8 58. Kxh7 Kd8 59. Kxg6 Ke8 60. h7 Ke7 61. h8Q Kd6 62. Qf6+ Kd5 63. c7 Ke4 64. c8N Kd5 65. b7 Kc5 66. b8N Kd5 67. Qd6+ Ke4 68. f5 Ke3 69. f6 Kf3 70. f7 Ke4 71. f8N Ke3 72. Qb4 Kd3 73. Kf5 Ke3 74. Nfd7 Kd3 75. Qe4+ Kc3 76. Ndb6 Kd2 77. Qf3 Kc2 78. Ke4 Kb2 79. Qd3 Ka1 80. Qd2 Kb1 81. Kd3 Ka1 82. Kc3 Kb1 83. Na8 Ka1 84. Qb2# 1-0

[Event "GER-ch U16 Girls"]
[Site "Willingen"]
[Date "2023.05.31"]
[Round "5"]
[White "Kern, Jennifer"]
[Black "Reddi, Bhuvana"]
[Result "0-1"]
[WhiteElo "1333"]
[BlackElo "1735"]
[PlyCount "132"]
[EventDate "2023.05.27"]
[EventType "swiss"]
[EventRounds "9"]
[EventCountry "GER"]
[SourceTitle "CBM 214 Extra"]
[Source "ChessBase"]
[SourceDate "2023.07.31"]
[SourceVersion "1"]
[SourceVersionDate "2023.07.31"]
[SourceQuality "1"]

1. e4 e5 2. Nf3 Nc6 3. Nc3 Nf6 4. d4 exd4 5. Nxd4 Bb4 6. Nxc6 bxc6 7. Bd3 d5 8. Bd2 0-0 9. 0-0 a5 10. a3 Bc5 11. Bg5 Be7 12. Re1 Re8 13. Bf4 Bg4 14. Qd2 Nh5 15. Be3 d4 16. Nd1 dxe3 17. Qxe3 Bg5 18. Qc5 Bd2 19. Rf1 Nf4 20. f3 Nxd3 21. cxd3 Be6 22. Qc2 Qd4+ 23. Kh1 Bf4 24. Nc3 Red8 25. Ne2 Qd6 26. Rad1 Rab8 27. Qc3 Bb3 28. Rb1 Be5 29. d4 Bxd4 30. Nxd4 Qxd4 31. Qxc6 Bc4 32. Rg1 Bd3 33. Rbc1 Qxb2 34. Qxc7 Qb6 35. Qc3 Ba6 36. Rge1 Rbc8 37. Qe5 Rxc1 38. Rxc1 h6 39. h3 a4 40. Qf4 Qd6 41. e5 Qd2 42. Qxd2 Rxd2 43. Rc6 Bd3 44. Rd6 Rd1+ 45. Kh2 Bc2 46. Rc6 Bb3 47. Kg3 Kf8 48. Rc7 Ra1 49. f4 Rxa3 50. Ra7 Ra1 51. Kf2 a3 52. f5 a2 53. Kg3 Re1 54. Ra8+ Ke7 55. Ra7+ Kd8 56. Ra8+ Kc7 57. Ra7+ Kb8 58. Ra5 a1Q 59. Rxa1 Rxa1 60. Kg4 Kc7 61. f6 gxf6 62. exf6 Rf1 63. Kh5 Rxf6 64. g4 Be6 65. g5 hxg5 66. Kxg5 Rg6+ 0-1

[Event "GER-ch U16 Girls"]
[Site "Willingen"]
[Date "2023.05.28"]
[Round "1"]
[White "Malmstroem, Eva"]
[Black "Reddi, Bhuvana"]
[Result "1-0"]
[WhiteElo "1454"]
[BlackElo "1735"]
[PlyCount "101"]
[EventDate "2023.05.27"]
[EventType "swiss"]
[EventRounds "9"]
[EventCountry "GER"]
[SourceTitle "CBM 214 Extra"]
[Source "ChessBase"]
[SourceDate "2023.07.31"]
[SourceVersion "1"]
[SourceVersionDate "2023.07.31"]
[SourceQuality "1"]

1. e4 e5 2. Nf3 Nc6 3. Bc4 Be7 4. d4 exd4 5. Nxd4 d6 6. Nc3 Nxd4 7. Qxd4 Bf6 8. Qd3 Ne7 9. Be3 Ng6 10. f4 0-0 11. 0-0-0 Re8 12. Nd5 Be6 13. g3 Bg4 14. Rdf1 Be6 15. Bd4 Bxd4 16. Qxd4 c6 17. Nc3 Bxc4 18. Qxc4 Qd7 19. Rd1 Rad8 20. Rd2 Qe6 21. Qb4 Qe7 22. Rhd1 c5 23. Qc4 Rd7 24. Qe2 Red8 25. h4 Qf8 26. h5 Ne7 27. g4 Nc8 28. g5 Qe7 29. Nd5 Qe6 30. f5 Qe5 31. Qg4 Nb6 32. Nxb6 axb6 33. Rd5 Qe7 34. h6 g6 35. Qf4 Re8 36. Rxd6 Rxd6 37. Rxd6 gxf5 38. exf5 Qe1+ 39. Rd1 Qe7 40. b3 Ra8 41. Kb2 Kf8 42. Qd6 Re8 43. Qxe7+ Kxe7 44. Re1+ Kf8 45. Rxe8+ Kxe8 46. Kc3 Kf8 47. Kc4 f6 48. g6 hxg6 49. fxg6 Kg8 50. Kd5 Kf8 51. Ke6 1-0

[Event "GER-chT U14 Girls"]
[Site "Willingen"]
[Date "2021.06.24"]
[Round "2.3"]
[White "Foos, Vanessa"]
[Black "Reddi, Bhuvana"]
[Result "0-1"]
[WhiteElo "1380"]
[BlackElo "1359"]
[PlyCount "70"]
[EventDate "2021.06.23"]
[EventType "team-swiss"]
[EventRounds "7"]
[EventCountry "GER"]
[SourceTitle "EXT 2022"]
[Source "ChessBase"]
[SourceDate "2021.10.06"]
[SourceVersion "1"]
[SourceVersionDate "2021.10.06"]
[SourceQuality "1"]
[WhiteTeam "Norderstedt"]
[BlackTeam "Weisse Dame"]
[WhiteTeamCountry "GER"]
[BlackTeamCountry "GER"]

1. e4 e5 2. Nf3 Nc6 3. Bc4 Nf6 4. Ng5 d5 5. exd5 b5 6. dxc6 bxc4 7. Nc3 Qd6 8. Qe2 Be6 9. Nxe6 Qxe6 10. Nb5 Bd6 11. b3 cxb3 12. axb3 Qd5 13. Nxd6+ cxd6 14. f4 Qxc6 15. fxe5 0-0 16. 0-0 dxe5 17. Qc4 Qd6 18. Ba3 Qxd2 19. Bxf8 Rxf8 20. Qd3 Qb4 21. Ra4 Qb8 22. Qa6 e4 23. Qxa7 Qe5 24. Qd4 Qc7 25. Rc4 Qb8 26. Qe3 Ng4 27. Qg3 Qb6+ 28. Kh1 Ne3 29. Re1 Nxc4 30. bxc4 f5 31. Qb3 Qf2 32. Rd1 e3 33. c5+ Kh8 34. Qc3 e2 35. Re1 Qf1+ 0-1